Essai historique sur la revolution de 1843 / (Record no. 26346)
[ view plain ]
| 000 -CABECERA | |
|---|---|
| campo de control de longitud fija | 00413nam a2200145 a 4500 |
| 001 - NÚMERO DE CONTROL | |
| campo de control | 000026854 |
| 005 - FECHA Y HORA DE LA ÚLTIMA TRANSACCIÓN | |
| campo de control | 20200930030442.0 |
| 008 - DATOS DE LONGITUD FIJA--INFORMACIÓN GENERAL | |
| campo de control de longitud fija | 110325s1905 ht 000 0 spa d |
| 040 ## - FUENTE DE LA CATALOGACIÓN | |
| Centro catalogador/agencia de origen | DO-SdBNP |
| Lengua de catalogación | spa |
| Centro/agencia transcriptor | BNPHU |
| 049 ## - FONDOS LOCALES (OCLC) | |
| Fondos de biblioteca | BNPD |
| 100 1# - ENTRADA PRINCIPAL--NOMBRE DE PERSONA | |
| Nombre de persona | Sannon, Pauléus |
| 9 (RLIN) | 53967 |
| 245 10 - MENCIÓN DE TÍTULO | |
| Título | Essai historique sur la revolution de 1843 / |
| Mención de responsabilidad, etc. | Pauléus Sannon. |
| 260 ## - PUBLICACIÓN, DISTRIBUCIÓN, ETC. | |
| Lugar de publicación, distribución, etc. | Haiti, : |
| Nombre del editor, distribuidor, etc. | Bonnefill, |
| Fecha de publicación, distribución, etc. | 1905. |
| 300 ## - DESCRIPCIÓN FÍSICA | |
| Extensión | 211 p. ; |
| Dimensiones | 23 cm. |
| Estado de retiro | Estado de pérdida | Restricciones de uso | No para préstamo | Código de colección | Localización permanente | Ubicación/localización actual | Ubicación en estantería | Fecha de adquisición | Número de inventario | Total de préstamos | Signatura topográfica completa | Código de barras | Fecha visto por última vez | Precio válido a partir de | Tipo de ítem Koha |
|---|---|---|---|---|---|---|---|---|---|---|---|---|---|---|---|
| Excluido de préstamo | Monografías: Libros y Folletos | General | General | En catalogación | 25.03.2011 | LF1 | 26854-10 | 25.06.2020 | 25.06.2020 | No se presta |
